Koncepčný návrh bubnovej kosačky ako prídavné zariadenie pre traktor výkonovej kategórie do 75kW

Uložené v:
Podrobná bibliografia
Hlavný autor: Šprlák, Jozef (Autor)
Ďalší autori: Nagy, Miroslav (Vedúci práce)
Médium: Rukopis Kniha
Jazyk:Slovak
Vydavateľské údaje: 2023
Predmet:
On-line prístup:http://is.stuba.sk/zp/portal_zp.pl?podrobnosti=162581
Tagy: Pridať tag
Žiadne tagy, Buďte prvý, kto otaguje tento záznam!

MARC

LEADER 00000ntm a22000003a 4500
001 stuzp94354
003 SK-STU
005 20240424092921.0
007 ta
008 150427s2015----xo-----f-mn---000-0-slo-d
040 |a STU  |b slo 
041 0 |a slo 
100 1 |a Šprlák, Jozef  |u 020031  |4 aut  |U SjF Ústav dopravnej techniky a konštruovania  |T SjF Oddelenie konštruovania a mobilných pracovných strojov  |X 110735  |U J0031  |Y 444  |7 110735 
242 0 1 |a Conceptual design of a drum mower as an additional device for a tractor in the power category up to 75kW  |y eng 
245 1 0 |a Koncepčný návrh bubnovej kosačky ako prídavné zariadenie pre traktor výkonovej kategórie do 75kW 
260 |c 2023 
650 4 |a bubnová kosačka  |2 slo 
650 4 |a žací bubon  |2 slo 
650 4 |a traktor  |2 slo 
650 4 |a návrh  |2 slo 
650 4 |a drum mower  |2 eng 
650 4 |a mower drum  |2 eng 
650 4 |a tractor  |2 eng 
650 4 |a design  |2 eng 
700 1 |a Nagy, Miroslav  |u 020030  |k Z3  |4 ths  |U SjF Strojnícka fakulta  |T SjF Ústav dopravnej techniky a konštruovania  |X 8655  |U J0030  |Y 806  |7 8655 
856 4 |u http://is.stuba.sk/zp/portal_zp.pl?podrobnosti=162581 
996 |b 284J047503  |c J* 3625/DBP  |l JJSK  |s A  |a 24  |w stuzp94354_0001